000 00991cam a22002774a 4500
001 11923859
003 ARRUPE
005 20150923081219.0
008 000228s2000 dcua b 001 0 eng
010 _a 00027668
020 _a0792279417
040 _aDLC
_cDLC
_dDLC
042 _apcc
050 0 0 _aL QP360
_b.R456 2000
082 0 0 _a612.8/2
_221
100 1 _aRestak, Richard M.,
_d1942-
_919980
245 1 0 _aMysteries of the mind /
_cRichard Restak.
260 _aWashington, DC :
_bNational Geographic Society,
_cc2000.
300 _a256 p. :
_bcol. ill. ;
_c31 cm.
504 _aIncludes bibliographical references (p. 250) and index.
650 0 _aNeuropsychology.
_914701
650 0 _aBrain.
_919981
906 _a7
_bcbc
_corignew
_d1
_eocip
_f20
_gy-gencatlg
942 _2lcc
_cMONOGRAPH
999 _c123435
_d123435